| 000 | 01218nam a2200301Ia 4500 | ||
|---|---|---|---|
| 001 | ebr10277794 | ||
| 003 | CaPaEBR | ||
| 006 | m u | ||
| 007 | cr cn||||||||| | ||
| 008 | 090317s2007 sz ab s 000 0 eng d | ||
| 020 | _z9789241547192 | ||
| 020 | _z9241547197 | ||
| 040 |
_aCaPaEBR _cCaPaEBR |
||
| 035 | _a(OCoLC)472399622 | ||
| 050 | 1 | 4 |
_aRC201.2 _b.W67 2007eb |
| 110 | 2 | _aWorld Health Organization. | |
| 245 | 1 | 4 |
_aThe use of rapid syphilis tests _h[electronic resource]. |
| 260 |
_aGeneva, Switzerland : _bWorld Health Organization, _c2007. |
||
| 300 |
_a25 p. : _bill., map. |
||
| 533 |
_aElectronic reproduction. _bPalo Alto, Calif. : _cebrary, _d2009. _nAvailable via World Wide Web. _nAccess may be limited to ebrary affiliated libraries. |
||
| 650 | 0 |
_aSyphilis _xDiagnosis. |
|
| 651 | 0 | _aDeveloping countries. | |
| 655 | 7 |
_aElectronic books. _2local |
|
| 710 | 2 | _aSexually Transmitted Diseases Diagnostics Initiative (World Health Organization) | |
| 710 | 2 | _aSpecial Programme for Research and Training in Tropical Diseases. | |
| 710 | 2 | _aebrary, Inc. | |
| 856 | 4 | 0 |
_uhttp://site.ebrary.com/lib/rucke/Doc?id=10277794 _zAn electronic book accessible through the World Wide Web; click to view |
| 999 |
_c5604 _d5604 |
||